书目信息 |
| 书名: | The black Atlantic | |
| 作者: | ||
| 分册号: | ||
| 分册名: | 出版地: | Cambridge, Mass. : |
|
| 出版社: | Harvard University Press | |
| 出版时间: | c1993. | |
| 页数: | xi, 261 p. ; | |
| 开本: | 25 cm. | |
| 丛书名: | ||
| 中图分类号: | ||
| 科图分类号: | ||
| 其他分类号: | D56 | |
| 主题词: | ||
| 电子资源: | ||
| 000 | 01108nam 2200325 a 4500 | |
| 001 | E0729882499 | |
| 005 | 20070514083214.89 | |
| 008 | 001 0 eng | |
| 008 | uu | |
| 010 | @a93016042 | |
| 020 | @a0674076052 (acid-free paper). | |
| 020 | @a0674076060 (pbk.). | |
| 040 | @aDLC @beng@cDLC @dDLC @dCcBjTSG | |
| 043 | @an-us--- | |
| 049 | @aN5LA | |
| 050 | 00 | @aCB235 @b.G55 1993 |
| 082 | 00 | @a305.896/073/MJ @220 |
| 090 | @a2-96/D56/G48/////1069976 | |
| 090 | @aD56 | |
| 096 | @aD56 @v3 | |
| 099 | @dD56@ex4 | |
| 100 | 1 | @aGilroy, Paul. |
| 245 | 14 | @aThe black Atlantic :@bmodernity and double consciousness |
| 260 | @aCambridge, Mass. :@bHarvard University Press,@cc1993. | |
| 300 | @axi, 261 p. ;@c25 cm. | |
| 504 | @aIncludes bibliographical references (p. [225]-252) and index. | |
| 650 | 0 | @aAfrocentrism. @b00 @c20020930 @lNLC09 @h2252 @b00 @c20021020 @lNLC09 @h1641 @lNLC09 @h0003 @lNLC09 @h1955 @b40 @c20070419 @lNLC09 @h1048 |
| 650 | 0 | @aAfrican Americans @xIntellectual life. |
| 650 | 0 | @aBlacks @xIntellectual life. |
| 852 | 9 | @bWWJC @cJ09 @k2-96 @hD56 @iG48 |
| The black Atlantic : : modernity and double consciousness.-Cambridge, Mass. : : Harvard University Press, , c1993. |
| xi, 261 p. ; ; 25 cm. |
| Includes bibliographical references (p. [225]-252) and index. |
| ISBN 0674076052 (acid-free paper). |
| ● |
| 相关链接 |
|
|
|
|
正题名:black Atlantic
索取号:D56/x4
 
预约/预借
| 序号 | 登录号 | 条形码 | 馆藏地/架位号 | 状态 | 备注 |
| 1 | 9025 | 300090256 | 第二样本阅览室/ [索取号:D56/x4] | 在馆 | |
| 2 | 9026 | 300090265 | 第四借阅区/ [索取号:D56/x4] | 在馆 | |
| 3 | 9027 | 300090274 | 第四借阅区/ [索取号:D56/x4] | 在馆 | |
| 4 | 9028 | 300090283 | 第四借阅区/ [索取号:D56/x4] | 在馆 |